000 00721nam a2200241 a 4500
001 42590
003 BD-RjUL
005 20211209053549.0
008 160611s1966 enka b 000 0 eng d
035 _a(OCoLC)ocm16738046
035 _a(BD-RjUL)42708
040 _aORZ
_cORZ
_dWSU
_dNRC
_dUKM
_dBD-RjUL
_beng
041 _aeng
082 _a329.9931
_223
_bMIP 1966
099 _a329.9931
_aM635
100 1 _aMilne, R. S.
_q(Robert Stephen),
_d1919-
_9128358
245 1 0 _aPolitical parties in New Zealand /
_cR.S. Milne.
260 _aOxford :
_bClarendon Press,
_c1966.
300 _aviii, 313 p. :
_btables.;
_c23 cm.
650 0 _aPolitical parties
_zNew Zealand.
_9130940
942 _2ddc
_cBK
999 _c42590
_d42590